[Event "Match"]
[Site "www.echecsemail.com"]
[Date "2016.03.25"]
[Round "1"]
[White "Toblakay"]
[Black "Billyg"]
[WhiteElo "1499"]
[BlackElo "1630"]
[Result "1-0"]
[Round "1"]
1.d4 d6
2.c4 Bc8d7
3.Nb1c3 e5
4.Ng1f3 Nb8c6
5.e3 Bd7g4
6.Bf1e2 Bg4xf3
7.Be2xf3 Qd8d7
8.O-O exd4
9.exd4 Nc6a5
10.Rf1e1 Ng8e7
11.b4 Na5xc4
12.Bf3xb7 Ra8b8
13.Qd1f3 c6
14.Bb7xc6 Kd8
15.Bc6xd7 Kxd7
16.Qf3xf7 Rb8e8
17.Nc3d5 Kd8
18.Nd5xe7 Bf8xe7
19.Qf7xc4 Rh8f8
20.Qc4c6 Rf8f6
21.Bc1g5 Rf6f7
22.Qc6xd6 { resign }
1-0

[Event "Match"]
[Site "www.echecsemail.com"]
[Date "2016.03.25"]
[Round "1"]
[White "Chtoubidou"]
[Black "Motimiller"]
[WhiteElo "1940"]
[BlackElo "1499"]
[Result "1-0"]
[Round "1"]
1.e4 e5
2.Bf1c4 Qd8g5
3.Qd1f3 d6
4.Qf3xf7 Kd8
5.Qf7xf8 Kd7
6.Qf8f3 Kd8
7.Nb1c3 Bc8g4
8.Qf3g3 h5
9.d4 Qg5f6
10.h3 h4
11.Qg3xg4 exd4
12.Nc3e2 Ng8h6
13.Bc1xh6 gxh6
14.Qg4f4 Rh8f8
15.Qf4xf6 Rf8xf6
16.f4 Rf6g6
17.Ng1f3 Rg6xg2
18.Rh1g1 Rg2h2
19.Nf3xh2 Nb8c6
20.Rg1g8 Kd7
21.Rg8xa8 Nc6b4
22.Kd2 Kc6
23.c3  { time }
1-0

[Event "Match"]
[Site "www.echecsemail.com"]
[Date "2016.03.25"]
[Round "1"]
[White "Guidom"]
[Black "Drawmaster"]
[WhiteElo "2120"]
[BlackElo "1670"]
[Result "1/2-1/2"]
[Round "1"]
1.e4 e5
2.Ng1f3 d6
3.Bf1c4 Bf8e7
4.d4 exd4
5.Nf3xd4 Ng8f6
6.Nb1c3 O-O
7.Nd4f5 Bc8xf5
8.exf5 d5
9.Nc3xd5 Nf6xd5
10.Qd1xd5 Qd8c8
11.O-O c6
12.Qd5f3 Be7f6
13.c3 Nb8d7
14.Bc1f4 Nd7e5
15.Bf4xe5 Bf6xe5
16.Rf1e1 Be5f6
17.Ra1d1 Qc8c7
18.h3 Rf8e8
19.Re1xe8 Ra8xe8
20.a3 h6
21.g3 Re8d8
22.Rd1xd8 Qc7xd8
23.Qf3d3 Qd8e7
24.Qd3e2 Qe7d7
25.Qe2d3 Qd7e7
26.Qd3e2 Qe7d7
27.g4 Kh7
28.f4 b5
29.Bc4b3 a6
30.Kg2 a5
31.Bb3c2 b4
32.axb4 axb4
33.cxb4 { draw }
1/2-1/2

[Event "Match"]
[Site "www.echecsemail.com"]
[Date "2016.03.25"]
[Round "1"]
[White "Motimiller"]
[Black "Chapi"]
[WhiteElo "1499"]
[BlackElo "2060"]
[Result "0-1"]
[Round "1"]
1.e4 c5
2.Qd1h5 Ng8f6
3.Qh5f3 d6
4.h3 g6
5.Bf1c4 Nb8c6
6.c3 Bf8g7
7.Bc4b5 Bc8d7
8.e5 dxe5
9.Qf3g3 Nf6e4
10.Qg3f3 Ne4d6
11.b3 a6
12.Bb5c4 Nd6xc4
13.bxc4 Bd7f5
14.g4 Bf5c2
15.Bc1a3 e4
16.Qf3e3 b6
17.Ba3b2 Nc6e5
18.Nb1a3 Ne5d3
19.Ke2 Nd3xb2
20.Na3xc2 Nb2xc4
21.Qe3xe4 Qd8xd2
22.Kf1 O-O
23.Ng1f3 Qd2xc3
24.Qe4xe7 Qc3xf3
25.Rh1g1 Nc4d2
 { time }
0-1

[Event "Match"]
[Site "www.echecsemail.com"]
[Date "2016.03.25"]
[Round "1"]
[White "Raulazo"]
[Black "Karlgrocer"]
[WhiteElo "1870"]
[BlackElo "2070"]
[Result "0-1"]
[Round "1"]
1.e4 e5
2.Bf1c4 c6
3.Bc4xf7 Kxf7
4.Qd1f3 Ng8f6
5.Ng1h3 Bf8e7
6.Nh3g5 Kg8
7.Qf3b3 d5
8.c4 h6
9.Ng5f3 dxe4
10.c5 Kh7
11.Nf3xe5 Be7xc5
12.Ne5f7 Qd8c7
13.Nf7xh8 Kxh8
14.Nb1c3 Qc7f4
15.O-O Qf4g4
16.h3 Qg4g6
17.Qb3c2 Bc8xh3
18.g3 Qg6xg3
{ resign }
0-1

[Event "1/32 Finale"]
[Site "www.chess-mail.com"]
[Date "2016.03.25"]
[Round "1"]
[White "Huw"]
[Black "Bevittsmith"]
[WhiteElo "2230"]
[BlackElo "2320"]
[Result "1-0"]
[Round "1"]
1.d4 Ng8f6
2.c4 g6
3.Ng1f3 Bf8g7
4.g3 d5
5.Bf1g2 O-O
6.O-O dxc4
7.a4 Nb8d7
8.Nb1a3 c5
9.Na3xc4 cxd4
10.Qd1xd4 Nf6h5
11.Qd4d3 Qd8c7
12.Bc1e3 Nd7c5
13.Qd3a3 b6
14.Ra1c1 Bc8e6
15.Nf3g5 Ra8c8
16.Nc4d2 Qc7d7
17.Ng5xe6 Nc5xe6
18.Bg2h3 Qd7d6
19.Qa3xd6 exd6
20.Nd2e4 d5
21.Ne4d6 Rc8xc1
22.Be3xc1 a6
23.Rf1d1 d4
24.Nd6e4 Rf8e8
25.e3 Ne6c5
26.Ne4xc5 bxc5
27.exd4 Bg7xd4
28.Bh3f1 Re8e6
29.Bf1c4 Re6b6
30.b3 Nh5f6
31.Bc1f4 Nf6e4
32.Kg2 Ne4d6
33.a5 { resign }
1-0

[Event "Fast Game"]
[Site "www.echecsemail.com"]
[Date "2016.03.25"]
[Round "1"]
[White "Cal"]
[Black "Uji40"]
[WhiteElo "1550"]
[BlackElo "1419"]
[Result "0-1"]
[Round "1"]
1.d4 Ng8f6
2.Nb1c3 d5
3.h3 Nb8c6
4.e3 e5
5.dxe5 Nc6xe5
6.a3 c6
7.Bf1e2 Bf8c5
8.b4 Bc5b6
9.Bc1b2 a6
10.Be2d3 O-O
11.Nc3e2 Rf8e8
12.Ne2f4 h6
13.Ng1e2 c5
14.bxc5 Bb6xc5
15.O-O Ne5c6
16.c3 b5
17.Ne2g3 Ra8b8
18.c4 dxc4
19.Bd3c2 Qd8xd1
20.Ra1xd1 Bc8b7
21.Bb2xf6 gxf6
22.Nf4h5 Bc5e7
23.Rd1d7 Nc6e5
24.Rd7c7 Bb7c8
25.f4 Ne5g6
26.Bc2xg6 fxg6
27.Rc7xe7 Re8xe7
28.Nh5xf6 Kg7
29.Nf6d5 Re7d7
30.e4 a5
31.Ng3e2 b4
32.axb4 axb4
33.Ne2d4 c3
34.Nd4e6 Kf7
35.Ne6c5 Rd7a7
36.Nc5b3 Bc8e6
37.g4 Ra7a3
38.Rf1b1 c2
39.Rb1c1 Ra3xb3
40.Rc1xc2 Rb3xh3
41.Rc2c7 Kf8
42.f5 gxf5
43.gxf5 Be6xd5
44.exd5 b3
45.d6 b2
46.Kg2 b1Q
47.Kxh3 Qb1xf5
48.Kh4 Rb8b4
49.Kg3 Qf5d3
50.Kf2 Rb4b2
51.Ke1 Qd3b1
{ resign }
0-1

[Event "Fast Game"]
[Site "www.echecsemail.com"]
[Date "2016.03.25"]
[Round "1"]
[White "Matchbox"]
[Black "Attatroll"]
[WhiteElo "1879"]
[BlackElo "1800"]
[Result "1/2-1/2"]
[Round "1"]
1.e4 c5
2.c3 Nb8c6
3.d4 cxd4
4.cxd4 d5
5.e5 Bc8f5
6.Ng1f3 e6
7.a3 Qd8a5
8.Nb1c3 Ng8e7
9.Bf1d3 Bf5xd3
10.Qd1xd3 Ne7g6
11.O-O Bf8e7
12.Bc1d2 Qa5b6
13.b4 O-O
14.Nc3a4 Qb6c7
15.Ra1c1 Qc7d7
16.Na4c5 Be7xc5
17.Rc1xc5 Ra8c8
18.Rf1c1 Nc6e7
19.g3 Rc8xc5
20.Rc1xc5 Rf8c8
21.Bd2g5 Ne7f5
22.Qd3c2 Rc8xc5
23.Qc2xc5 h6
24.Bg5d2 Qd7c6
25.Qc5xc6 { draw }
1/2-1/2

[Event "Tourn. n8671"]
[Site "www.chess-mail.com"]
[Date "2016.03.26"]
[Round "1"]
[White "Difficult"]
[Black "Vitoriccardo"]
[WhiteElo "1890"]
[BlackElo "1970"]
[Result "1-0"]
[Round "1"]
1.e4 e5
2.Ng1f3 Nb8c6
3.Bf1b5 Ng8f6
4.d3 Bf8c5
5.O-O d6
6.Bc1e3 Bc5xe3
7.fxe3 Bc8d7
8.Qd1e2 Qd8e7
9.Nb1d2 O-O
10.Bb5xc6 Bd7xc6
11.h3 d5
12.exd5 Nf6xd5
13.Nd2c4 Qe7c5
14.Ra1e1 Nd5f4
15.Qe2f2 Nf4g6
16.e4 Ra8d8
17.Qf2xc5 f6
18.Qc5f2 b6
19.Nc4e3 Ng6e7
20.Re1d1 { resign }
1-0

[Event "Tourn. n8603"]
[Site "www.chess-mail.com"]
[Date "2016.03.26"]
[Round "1"]
[White "Emiondi"]
[Black "Pariolinius"]
[WhiteElo "2210"]
[BlackElo "2010"]
[Result "1/2-1/2"]
[Round "1"]
1.d4 d5
2.c4 e6
3.Ng1f3 Ng8f6
4.Nb1c3 Bf8e7
5.Bc1g5 Nb8d7
6.e3 O-O
7.Ra1c1 c6
8.Bf1d3 h6
9.Bg5h4 b6
10.O-O a6
11.cxd5 cxd5
12.a4 Bc8b7
13.Bh4g3 Ra8c8
14.h3 Be7b4
15.Qd1b3 a5
16.Nc3b5 Rc8xc1
17.Rf1xc1 Nf6e8
18.Nf3e5 Nd7xe5
19.Bg3xe5 f6
20.Be5g3 Ne8d6
21.Nb5xd6 Bb4xd6
22.f4 f5
23.Bd3b5 Bd6b4
24.Qb3c2 Qd8b8
25.Bb5d7 Kf7
26.Bg3h4 Bb4e7
27.Bh4xe7 Kxe7
28.Qc2c7 Rf8d8
29.Qc7xb8 Rd8xb8
30.Bd7b5 Kd6
31.Kf2 Rb8c8
32.Rc1c3 Rc8xc3
33.bxc3 Bb7c6
34.Ke2 Bc6xb5
35.axb5 g6
36.Kd2 h5
37.g3 Kc7
38.Kc2 Kd6
39.h4 Kc7
40.Kb3 Kd6
41.Ka3 { draw }
1/2-1/2

[Event "Tourn. n8639"]
[Site "www.chess-mail.com"]
[Date "2016.03.26"]
[Round "1"]
[White "Scasan55"]
[Black "Tonino1"]
[WhiteElo "2150"]
[BlackElo "2090"]
[Result "0-1"]
[Round "1"]
1.e4 c5
2.c3 Qd8c7
3.d4 cxd4
4.cxd4 d6
5.h3 g6
6.Bc1e3 Bf8g7
7.Nb1c3 a6
8.Ng1f3 e6
9.Bf1e2 b5
10.a3 Bc8b7
11.Qd1d2 Nb8d7
12.O-O Ng8e7
13.Be3g5 h6
14.Bg5xe7 Kxe7
15.d5 Ra8c8
16.Ra1c1 Qc7b8
17.dxe6 fxe6
18.Nf3h4 Kf7
19.Qd2f4 Nd7f6
20.Rf1d1 g5
21.Be2h5 Kg8
22.Qf4g3 Nf6xh5
23.Qg3g4 Nh5f4
24.g3 gxh4
25.Qg4xf4 hxg3
26.Qf4xg3 Kh7
27.Qg3xd6 Rh8g8
28.Qd6xb8 Bg7e5
29.Kf1 Be5xb8
30.Rd1d7 Rg8g7
31.Rd7d6 Bb8xd6
{ resign }
0-1

[Event "Tourn. n8655"]
[Site "www.chess-mail.com"]
[Date "2016.03.26"]
[Round "1"]
[White "Biggles"]
[Black "Difficult"]
[WhiteElo "2070"]
[BlackElo "1890"]
[Result "1-0"]
[Round "1"]
1.e4 c5
2.d4 cxd4
3.Ng1f3 Nb8c6
4.Bf1c4 e6
5.c3 d5
6.exd5 exd5
7.Bc4b3 Ng8f6
8.O-O Bf8e7
9.Nf3xd4 O-O
10.Bc1e3 Rf8e8
11.Nb1d2 Nc6e5
12.h3 Bc8d7
13.Nd2f3 Ne5c4
14.Bb3xc4 dxc4
15.Qd1c2 b5
16.Ra1d1 Qd8c7
17.Rf1e1 a6
18.Be3g5 h6
19.Bg5e3 Ra8d8
20.Nd4f5 Bd7xf5
21.Qc2xf5 Rd8xd1
22.Re1xd1 Re8d8
23.Nf3d4 Rd8d7
24.Rd1e1 Be7d8
25.Qf5f3 Nf6d5
26.Be3xh6 gxh6
27.Re1e8 Kg7
28.Qf3g4 { resign }
1-0

[Event "Tourn. n8601"]
[Site "www.chess-mail.com"]
[Date "2016.03.26"]
[Round "1"]
[White "Nugun"]
[Black "Gfalk"]
[WhiteElo "1700"]
[BlackElo "1869"]
[Result "0-1"]
[Round "1"]
1.c4 e5
2.Nb1c3 Ng8f6
3.g3 Bf8b4
4.Bf1g2 O-O
5.e3 d6
6.Ng1e2 c6
7.d4 e4
8.O-O d5
9.Ne2f4 Nb8a6
10.cxd5 cxd5
11.f3 Bb4xc3
12.bxc3 Bc8f5
13.Bc1a3 Rf8e8
14.Ra1b1 Qd8c7
15.Qd1b3 Ra8d8
16.fxe4 dxe4
17.c4 g5
18.Nf4d5 Nf6xd5
19.cxd5 Qc7d7
20.d6 Rd8b8
21.Rb1c1 b5
22.Rf1f2 Re8c8
23.Rc1c3 Rc8xc3
24.Qb3xc3 b4
25.Qc3c4 bxa3
26.Qc4xa6 Rb8b1
27.Rf2f1 Rb1b2
28.Qa6xa3 Qd7b5
29.Qa3xa7 Qb5e2
30.Qa7a8 Kg7
31.d7 Qe2xg2

0-1

[Event "Tourn. n8677"]
[Site "www.chess-mail.com"]
[Date "2016.03.26"]
[Round "1"]
[White "Umzi"]
[Black "Orhany24"]
[WhiteElo "2200"]
[BlackElo "2110"]
[Result "1/2-1/2"]
[Round "1"]
1.e4 e5
2.Ng1f3 Nb8c6
3.Bf1b5 a6
4.Bb5xc6 dxc6
5.O-O Bf8d6
6.b3 Ng8e7
7.Bc1b2 Ne7g6
8.d4 O-O
9.dxe5 Bd6c5
10.Bb2a3 Qd8e7
11.Ba3b2 Bc8g4
12.Nb1d2 Ra8d8
13.Qd1e2 Ng6xe5
14.Bb2xe5 Qe7xe5
15.Nd2c4 Qe5c3
16.h3 Bg4h5
17.Ra1d1 b5
18.Nc4e5 Qc3xe5
19.g4 Qe5f4
20.gxh5 Rf8e8
21.Rd1xd8 Re8xd8
22.Rf1d1 Rd8e8
23.e5 f6
24.e6 Qf4f5
25.Nf3d4 Bc5xd4
26.Rd1xd4 Qf5xe6
27.Qe2xe6 Re8xe6
28.Rd4d8 Kf7
29.Rd8a8 c5
30.Ra8a7 Re6c6
31.f4 g6
32.hxg6 hxg6
33.c4 f5
34.Kf2 { draw }
1/2-1/2

[Event "Tourn. n8612"]
[Site "www.chess-mail.com"]
[Date "2016.03.26"]
[Round "1"]
[White "Fbeley"]
[Black "Iko"]
[WhiteElo "1829"]
[BlackElo "1650"]
[Result "1-0"]
[Round "1"]
1.e4 e5
2.Ng1f3 Ng8f6
3.Nf3xe5 Qd8e7
4.d4 Nf6xe4
5.Qd1e2 d5
6.Bc1e3 f6
7.Ne5d3 Nb8c6
8.Nb1d2 Bc8f5
9.O-O-O Nc6b4
10.Nd3xb4 Qe7xb4
11.Nd2b3 Qb4a4
12.Qe2b5 Qa4xb5
13.Bf1xb5 c6
14.Bb5d3 O-O-O
15.f3 Ne4d6
16.Rh1e1 Bf8e7
17.Be3f4 Be7f8
18.Bf4xd6 Bf5xd3
19.Bd6xf8 Bd3xc2
20.Kxc2 Rh8xf8
21.Nb3c5 b6
22.Nc5e6 Rd8e8
23.Ne6xf8 Re8xf8
24.Re1e7 Rf8d8
25.Re7xg7 a5
26.Rg7xh7 Rd8g8
27.g4 Rg8g5
28.Rd1e1 Rg5g8
29.Re1e7 b5
30.Re7f7 Rg8e8
31.Rf7xf6 Re8e2
32.Kd3 Re2e8
33.h4 Kd8
34.h5 b4
35.Rh7f7 a4
36.h6 Re8h8
37.Rf7f8 Rh8xf8
38.Rf6xf8 Ke7
39.Rf8f4 Ke8
40.h7 Ke7
41.h8Q b3
42.a3 Ke6
43.Qh8e5 Kd7
44.Rf4f7 Kd8
45.Qe5h8 
1-0

[Event "Tourn. n8641"]
[Site "www.chess-mail.com"]
[Date "2016.03.26"]
[Round "1"]
[White "Cal"]
[Black "Falcoale"]
[WhiteElo "1700"]
[BlackElo "1560"]
[Result "0-1"]
[Round "1"]
1.Nb1c3 Ng8f6
2.e4 e6
3.a3 b6
4.d3 Bc8b7
5.Bc1g5 Bf8e7
6.Ng1f3 h6
7.Bg5h4 O-O
8.b4 d5
9.e5 Nf6d7
10.d4 Be7xh4
11.Bf1b5 c6
12.Bb5a4 b5
13.Ba4b3 a5
14.O-O Bh4e7
15.Qd1d3 axb4
16.axb4 Nd7b6
17.h3 Nb6c4
18.Bb3xc4 bxc4
19.Qd3e3 Be7xb4
20.Ra1xa8 Bb7xa8
21.Nf3h2 c5
22.Nc3b5 cxd4
23.Nb5xd4 Nb8c6
24.Nd4xc6 Ba8xc6
25.f4 Qd8e7
26.Nh2g4 Bb4c5
27.Qe3xc5 Qe7xc5
28.Kh2 d4
29.h4 Bc6e4
30.Rf1e1 Be4xc2
31.h5 Bc2f5
32.Ng4f2 d3
33.Nf2d1 c3
34.Nd1e3 d2
{ resign }
0-1

[Event "Tourn. n8648"]
[Site "www.chess-mail.com"]
[Date "2016.03.26"]
[Round "1"]
[White "Hundegana"]
[Black "Sorren"]
[WhiteElo "1900"]
[BlackElo "1790"]
[Result "1/2-1/2"]
[Round "1"]
1.f4 Ng8f6
2.c4 d5
3.cxd5 Nf6xd5
4.d4 Nb8c6
5.e3 e6
6.Bf1c4 Bf8e7
7.Ng1f3 O-O
8.O-O Be7f6
9.Nb1c3 Nd5b6
10.b3 Nb6xc4
11.bxc4 b6
12.Ra1b1 Bc8b7
13.Nc3e4 Nc6a5
14.Ne4xf6 Qd8xf6
15.Nf3e5 Rf8d8
16.Bc1d2 Na5c6
17.Ne5xc6 Bb7xc6
18.Rf1f2 Bc6e4
19.Rb1c1 Ra8c8
20.c5 a5
21.cxb6 cxb6
22.Rc1xc8 Rd8xc8
23.Qd1b3 Qf6d8
24.h3 Be4d5
25.Qb3b2 Qd8c7
26.Kh2 a4
27.a3 Qc7c6
28.Bd2b4 Bd5b3
29.h4 Qc6e4
30.Qb2d2 Rc8c2
31.Qd2e1 Rc2xf2
32.Qe1xf2 h5
33.Qf2f3 Qe4xf3
34.gxf3 Bb3d1
35.Kg3 f5
36.e4 g6
37.d5 Kf7
38.d6 Ke8
39.exf5 exf5
40.Kf2 Kd7
41.Ke3 b5
42.Kd4 Bd1xf3
43.Ke5 Bf3g4
44.Kf6 Bg4h3
45.Kxg6 Bh3g4
46.Kg5 Ke6
47.Kg6 Kd7
48.Kf6 Bg4h3
49.Ke5 Bh3g4
50.Kd4 Kc6
51.Ke5 Kd7
52.Kd5 Bg4h3
53.Kc5 Bh3f1
54.Kd5 Bf1h3
55.Ke5 Bh3g4

1/2-1/2

[Event "Match"]
[Site "www.echecsemail.com"]
[Date "2016.03.26"]
[Round "1"]
[White "Hundegana"]
[Black "Elogic"]
[WhiteElo "1930"]
[BlackElo "1910"]
[Result "1-0"]
[Round "1"]
1.e4 e5
2.b3 Bf8c5
3.Bc1b2 Qd8h4
4.Qd1f3 Ng8f6
5.g3 Qh4xe4
6.Qf3xe4 Nf6xe4
7.Ng1h3 d6
8.d3 Ne4f6
9.Nh3g5 Nf6g4
10.Ng5e4 Bc5b6
11.h3 Ng4f6
12.Ne4xf6 gxf6
13.Nb1d2 Bc8e6
14.Bf1g2 c6
15.O-O Nb8d7
16.Nd2e4 d5
17.Ne4d2 O-O-O
18.Ra1e1 h5
19.Kh2 Rd8g8
20.b4 a5
21.a3 h4
22.g4 f5
23.f3 fxg4
24.fxg4 f6
25.c4 dxc4
26.dxc4 axb4
27.axb4 c5
28.b5 Bb6a5
29.Re1d1 Ba5xd2
30.Rd1xd2 Be6xc4
31.Rf1a1 Bc4xb5
32.Bb2c3 b6
33.Ra1a8 Nd7b8
34.Ra8a7 Nb8c6
35.Bg2xc6 Bb5xc6
36.Rd2d6 Kb8
37.Ra7f7 Rg8c8
38.Rd6xf6 Rh8e8
39.Rf7g7 e4
40.Rf6f7 Re8e6
41.Rf7e7 Bc6d5
42.Re7xe6 Bd5xe6
43.Rg7e7 Be6d5
44.Re7h7 e3
45.Rh7xh4 e2
46.Rh4h5 Rc8d8
47.Rh5e5 Bd5c4
48.h4 Bc4d3
49.h5 c4
50.g5 Kc7
51.g6 Kd6
52.Re5e3 Rd8g8
53.g7 b5
54.h6 Kc5
55.Re3e5 Kd6
56.Re5xb5 Ke6
57.Kg3 Kf7
58.Rb5b7 Kg6
59.Rb7b6 Kh7
60.Rb6f6 Rg8e8
61.Kf2 Re8e4
62.Rf6f8 e1Q
63.Bc3xe1 Re4e2
64.Kg3 Kxh6
65.g8Q Re2xe1
66.Rf8f6 { resign }
1-0

[Event "Match"]
[Site "www.echecsemail.com"]
[Date "2016.03.26"]
[Round "1"]
[White "Biggles"]
[Black "Mars91"]
[WhiteElo "2050"]
[BlackElo "1789"]
[Result "0-1"]
[Round "1"]
1.e4 e6
2.d4 d5
3.e5 c5
4.Ng1f3 Nb8c6
5.Bf1d3 Bc8d7
6.c3 cxd4
7.cxd4 Qd8b6
8.O-O Nc6b4
9.b3 Nb4xd3
10.Qd1xd3 Bd7b5
11.Qd3c3 Bb5xf1
12.Kxf1 Ng8e7
13.Kg1 Ra8c8
14.Qc3d3 Rc8xc1
{ resign }
0-1

[Event "Match"]
[Site "www.echecsemail.com"]
[Date "2016.03.26"]
[Round "1"]
[White "Castletyme"]
[Black "Genius7"]
[WhiteElo "1820"]
[BlackElo "1780"]
[Result "0-1"]
[Round "1"]
1.e4 c5
2.Ng1f3 Nb8c6
3.Bf1e2 d6
4.O-O g6
5.d3 Bf8g7
6.c3 Ng8f6
7.Nb1d2 O-O
8.Nd2c4 Bc8e6
 { time }
0-1

[Event "Match"]
[Site "www.echecsemail.com"]
[Date "2016.03.26"]
[Round "1"]
[White "Stevep84"]
[Black "Orae"]
[WhiteElo "2200"]
[BlackElo "1710"]
[Result "1-0"]
[Round "1"]
1.e4 e5
2.Ng1f3 Nb8c6
3.d4 Ng8f6
4.Nb1c3 Bf8b4
5.Bc1g5 Bb4xc3
6.bxc3 a6
7.dxe5 h6
8.exf6 hxg5
9.fxg7 Rh8g8
10.Bf1c4 Rg8xg7
11.O-O b5
12.Bc4b3 d6
13.Nf3d4 Nc6e5
14.Qd1h5 Ke7
15.f4 Bc8g4
16.Qh5xg4 Ne5xg4
17.Nd4c6 Kf8
18.Nc6xd8 Ra8xd8
19.fxg5 c5
20.Bb3e6 Ng4e3
21.Rf1f3 Ne3xc2
22.Ra1f1 Rd8e8
23.Rf3xf7 Kg8
24.Rf7f8 Kh7
25.Be6f5 Rg7g6
26.Bf5xg6 Kxg6
27.Rf8xe8 Nc2e3
28.Rf1f3 Ne3g4
29.Rf3f4 Kxg5
30.Rf4f5 Kh6
31.Re8e6 Kg7
32.Re6xd6 { resign }
1-0

[Event "Match"]
[Site "www.echecsemail.com"]
[Date "2016.03.26"]
[Round "1"]
[White "Difficult"]
[Black "Calponas"]
[WhiteElo "1890"]
[BlackElo "2090"]
[Result "0-1"]
[Round "1"]
1.e4 c5
2.Ng1f3 d6
3.d4 cxd4
4.Nf3xd4 Ng8f6
5.Nb1c3 a6
6.g3 e5
7.Nd4e2 Bf8e7
8.Bf1g2 Bc8e6
9.O-O Nb8c6
10.Nc3d5 O-O
11.c3 Be6xd5
12.exd5 Nc6b8
13.c4 Nb8d7
14.Ne2c3 Qd8c7
15.Qd1e2 Ra8c8
16.b3 b5
{ resign }
0-1

[Event "Match"]
[Site "www.echecsemail.com"]
[Date "2016.03.26"]
[Round "1"]
[White "Canario"]
[Black "Pinehill"]
[WhiteElo "1850"]
[BlackElo "2030"]
[Result "0-1"]
[Round "1"]
1.e4 d5
2.e5 c5
3.d4 Nb8c6
4.Bf1b5 Bc8f5
5.Bb5xc6 bxc6
6.dxc5 Qd8a5
7.Bc1d2 Qa5xc5
8.Ng1f3 Qc5xc2
9.O-O Qc2xd1
10.Rf1xd1 e6
11.Nf3d4 Bf5g6
12.a3 c5
13.Nd4b3 Bf8e7
14.Nb1c3 h5
15.Nb3a5 Ng8h6
16.Bd2xh6 Rh8xh6
17.f4 c4
18.Na5c6 Be7c5
19.Kh1 Ra8c8
20.Nc6d4 Bg6d3
21.b4 Bc5xd4
22.Ra1c1 Bd4e3
23.Rc1a1 Be3xf4
24.Rd1e1 Bf4d2
25.Nc3b5 Bd2xe1
26.Nb5d6 Kd7
27.Nd6xc8 Be1c3
28.Ra1c1 Bc3b2
{ resign }
0-1

[Event "Match"]
[Site "www.echecsemail.com"]
[Date "2016.03.26"]
[Round "1"]
[White "Elogic"]
[Black "Stevep84"]
[WhiteElo "1900"]
[BlackElo "2200"]
[Result "0-1"]
[Round "1"]
1.f4 e5
2.fxe5 d6
3.exd6 Bf8xd6
4.Ng1f3 g5
5.e4 g4
6.Nf3d4 Qd8h4
7.g3 Bd6xg3
8.Ke2 Qh4h5
9.d3 Bg3e5
10.Bc1e3 g3
11.Kd2 Qh5xd1
12.Kxd1 gxh2
13.Nb1c3 Bc8g4
14.Kd2 Nb8d7
15.Nc3d5 O-O-O
16.c3 c5
17.Nd4b5 a6
18.Nb5a3 Bg4f3
19.Rh1xh2 Be5xh2
20.Bf1h3 Kb8
21.Ra1f1 Bf3h5
22.Na3c4 Nd7e5
23.Nc4b6 Ne5f3
24.Kc2 Bh2e5
25.Be3xc5 Ng8f6
26.Bc5e7 Nf6xd5
27.Be7xd8 Nd5e3
28.Kb3 Nf3d2
29.Ka4 Ne3xf1
30.Nb6d7 Ka8
31.Nd7xe5 Rh8xd8
32.d4 Nf1e3
33.b3 Rd8e8
34.Bh3d7 Re8e7
35.Bd7h3 f6
{ resign }
0-1

[Event "Match"]
[Site "www.echecsemail.com"]
[Date "2016.03.26"]
[Round "1"]
[White "Orae"]
[Black "Guidom"]
[WhiteElo "1710"]
[BlackElo "2120"]
[Result "0-1"]
[Round "1"]
1.e4 e5
2.Bf1c4 Bf8c5
3.Qd1f3 Qd8f6
4.Qf3xf6 Ng8xf6
5.Nb1c3 d6
6.Bc4e2 Bc8e6
7.d3 a6
8.Bc1g5 Nb8d7
9.Bg5xf6 Nd7xf6
10.h3 O-O
11.a3 Nf6d7
12.Ng1f3 h6
13.b4 Bc5b6
14.O-O f5
15.Nf3h4 g5
16.Nh4f3 Ra8e8
17.Ra1d1 Kg7
18.Nc3b1 fxe4
19.dxe4 Kg6
20.c4 h5
21.Nb1c3 g4
22.Nf3h4 Kg5
23.g3 gxh3
24.Nh4f3 Kh6
25.Kh2 Be6g4
26.Nf3h4 Nd7f6
27.Be2xg4 hxg4
28.Nh4f5 Kg6
29.Nf5h4 Kg5
30.f3 gxf3
31.Rf1xf3 Kg4
32.c5 dxc5
33.b5 axb5
34.Rd1f1 Nf6d7
35.Nc3xb5 Rf8xf3
36.Nh4xf3 Nd7f6
37.Nf3h4 Nf6xe4
38.Nh4f3 Ne4xg3
39.Rf1f2 c4
40.Rf2c2 Kxf3
41.Rc2c3 Bb6e3
42.Nb5xc7 Ng3f1
43.Kh1 Re8g8
44.Rc3xe3 Nf1xe3
{ resign }
0-1

[Event "1/128 Finale"]
[Site "www.chess-mail.com"]
[Date "2016.03.26"]
[Round "1"]
[White "Maredocla"]
[Black "Nephi132"]
[WhiteElo "2070"]
[BlackElo "1099"]
[Result "0-1"]
[Round "1"]
1.f4 d5
2.Ng1f3 Ng8f6
3.b3 e6
4.Bc1b2 Nb8d7
5.e3 Bf8e7
6.Bf1d3 O-O
7.c4 c6
8.h3 Rf8e8
9.Qd1c2 dxc4
10.bxc4 Nd7c5
11.Bb2xf6 Nc5xd3
12.Ke2 Be7xf6
13.Nb1c3 Nd3b4
14.Qc2b1 Nb4a6
15.Nc3e4 Bf6xa1
16.Ne4g5 Ba1f6
17.Qb1xh7 Kf8
18.Qh7h5 Qd8c7
19.Ng5h7 Ke7
20.Nh7xf6 gxf6
21.g4 Bc8d7
22.Qh5h4 Re8h8
23.Qh4f2 Na6c5
24.h4 Nc5e4
25.Qf2e1 Qc7a5
26.Rh1g1 Qa5xa2
27.Qe1c1 a5
28.h5 Ra8g8
29.Nf3d4 c5
30.Nd4f3 b5
31.cxb5 Bd7xb5
32.Ke1 Rh8xh5
33.Nf3d4 Qa2c4
34.Nd4c6 Kd6
 { time }
0-1

[Event "Eq:La Taverne-Equipo Juan Diaz : "]
[Site "www.chess-mail.com"]
[Date "2016.03.26"]
[Round "1"]
[White "Coraza8091"]
[Black "Ilusion"]
[WhiteElo "1730"]
[BlackElo "2030"]
[Result "0-1"]
[Round "1"]
1.e4 c5
2.Bf1c4 e6
3.Ng1f3 d6
4.Nb1c3 Ng8f6
5.d4 cxd4
6.Nf3xd4 a6
7.Bc1g5 Bf8e7
8.Qd1f3 Qd8c7
9.Bc4b3 O-O
10.Bg5xf6 Be7xf6
11.Qf3d3 Nb8c6
12.Nd4f3 b5
13.O-O-O Rf8d8
14.Rh1e1 Bc8b7
15.a3 b4
16.Nc3b1 bxa3
17.Nb1xa3 Nc6b4
18.Qd3c4 Qc7xc4
19.Na3xc4 Bf6e7
20.h4 a5
21.c3 Nb4c6
22.g3 Bb7a6
23.Nc4b6 Ra8b8
24.Nb6c4 Rb8xb3
25.Nc4d2 Rb3b6
26.g4 Rd8b8
27.Kb1 Rb6xb2
28.Ka1 Be7f6
29.e5 Nc6xe5
30.g5 Ne5xf3
31.Nd2xf3 Bf6xc3
32.Re1e3 Rb2b1
33.Ka2 Ba6c4
34.Ka3 Bc3b4
{ resign }
0-1

[Event "Fast Game"]
[Site "www.echecsemail.com"]
[Date "2016.03.26"]
[Round "1"]
[White "Sargentoabel"]
[Black "Nigel"]
[WhiteElo "1599"]
[BlackElo "1599"]
[Result "0-1"]
[Round "1"]
1.e4 c5
2.Ng1f3 d6
3.d4 cxd4
4.Nf3xd4 Ng8f6
5.Nb1c3 e5
6.Bf1b5 Bc8d7
7.Bb5xd7 { time. }
0-1

[Event "Tourn. n8663"]
[Site "www.chess-mail.com"]
[Date "2016.03.27"]
[Round "1"]
[White "Difficult"]
[Black "Bojan"]
[WhiteElo "1890"]
[BlackElo "2050"]
[Result "1-0"]
[Round "1"]
1.d4 g6
2.e4 Bf8g7
3.Ng1f3 d5
4.exd5 Qd8xd5
5.Bf1e2 Nb8c6
6.c4 Qd5d8
7.d5 Nc6e5
8.Nb1c3 e6
9.O-O exd5
10.Nc3xd5 c6
11.Nd5c3 Qd8xd1
12.Rf1xd1 Bc8g4
13.Nf3xe5 Bg4xe2
14.Rd1e1 Be2xc4
15.Ne5xc4 Kd7
16.Bc1f4 Ng8h6
17.Ra1d1 Kc8
18.Nc4d6 Kc7
19.Nd6xf7 Kb6
20.Nf7xh8 Ra8xh8
21.Bf4xh6 Bg7xh6
22.g3 { resign }
1-0

[Event "Tourn. n8679"]
[Site "www.chess-mail.com"]
[Date "2016.03.27"]
[Round "1"]
[White "Malbertan"]
[Black "Tonino1"]
[WhiteElo "2110"]
[BlackElo "2280"]
[Result "0-1"]
[Round "1"]
1.e4 c5
2.Ng1f3 d6
3.d4 cxd4
4.Qd1xd4 Nb8c6
5.Bf1b5 Bc8d7
6.Bb5xc6 bxc6
7.Nb1c3 e5
8.Qd4d3 Bf8e7
9.Bc1e3 Ng8f6
10.O-O O-O
11.Ra1d1 Qd8c7
12.h3 h6
13.Qd3d2 Kh7
14.g4 Nf6g8
15.Qd2e2 g6
16.Kg2 f5
17.Nf3h2 f4
18.Be3c1 Rf8f7
19.Nh2f3 h5
20.gxh5 gxh5
21.h4 Rf7g7
22.Kh2 Bd7g4
23.Rf1g1 Be7xh4
24.Rg1g2 Ng8f6
25.Rd1g1 Ra8g8
26.Qe2d3 Bg4xf3
27.Rg2xg7 Rg8xg7
28.Rg1xg7 Qc7xg7
29.Qd3xf3 Qg7g4
{ resign }
0-1

[Event "Tourn. n8694"]
[Site "www.chess-mail.com"]
[Date "2016.03.27"]
[Round "1"]
[White "Tevere"]
[Black "Daquata"]
[WhiteElo "1569"]
[BlackElo "1670"]
[Result "1-0"]
[Round "1"]
1.d4 Ng8f6
2.c4 e6
3.Nb1c3 Bf8b4
4.a3 Bb4xc3
5.bxc3 O-O
6.Ng1f3 b6
7.e3 Bc8b7
8.Bf1e2 d6
9.O-O Nb8d7
10.Nf3d2 c5
11.Be2f3 Bb7xf3
12.Nd2xf3 Qd8c7
13.Qd1c2 Ra8c8
14.Rf1d1 Rf8d8
15.Ra1b1 h6
16.d5 e5
17.e4 Rd8e8
18.h3 Nd7f8
19.Nf3h4 Qc7d7
20.f4 exf4
21.Rd1e1 Rc8b8
22.Bc1xf4 g5
23.Bf4xd6 Qd7xd6
24.Nh4f5 Qd6d7
25.Nf5xh6 Kh8
26.e5 Nf6h7
27.Re1f1 Re8e7
28.d6 Re7xe5
29.Nh6xf7 { resign }
1-0

[Event "Tourn. n8686"]
[Site "www.chess-mail.com"]
[Date "2016.03.27"]
[Round "1"]
[White "Faerieking"]
[Black "Julian"]
[WhiteElo "2200"]
[BlackElo "2110"]
[Result "1-0"]
[Round "1"]
1.e4 c5
2.Ng1f3 d6
3.d4 cxd4
4.Nf3xd4 Ng8f6
5.Nb1c3 a6
6.Bc1g5 e6
7.f4 Bf8e7
8.Qd1f3 O-O
9.O-O-O Qd8c7
10.Bf1d3 b5
11.Bg5xf6 Be7xf6
12.e5 dxe5
13.fxe5 Bf6xe5
14.Qf3xa8 Be5xd4
15.Qa8e4 { resign }
1-0